Multiplication in 15 Seconds - Statistics

General Stats
  • This quiz has been taken 190 times
  • The average score is 8 of 10
Answer Stats
Problem Answer % Correct
4x8 32
98%
4x6 24
89%
7x9 63
88%
12x6 72
87%
4x5 20
85%
7x8 56
79%
8x8 64
79%
3x4 12
75%
1234x1 1234
60%
25x4 100
55%
No matching quizzes found
Score Distribution
Percent of People with Each Score
Percentile by Number Answered
Your Score History
You have not taken this quiz